02118nam a2200133 4500008001000000020001800010082001500028100004000043245006100083260005700144300003900201505165500240650008901895708 B885s a9789492095626 a708bB885s aGarcía-Antón, Katya (edición) aSovereign words:bIndigenous art, curation and criticism aAmsterdambOffice for Contemporary Art Norway c2018 a288 p.bil. (col)c23,5 x 16,5 cm  tPrefacerKatya García-Antón tSounding the global indigenous. Language, contemporaneity and indigenous art writingtCan i get a witness? Indigenous art criticismrDavid GarneautWhat does or should 'Indigenous art' mean?rPrashanta TripuratHistory and context of Madhubani (Mithila) artrSantosh Kumar DastSovereign histories of the visualtJođi lea bouret go oru. Better in motion that at rest. Iver Jåks (1932 - 2007)rIrene SnarbytToi te kupu, toi te mana, toi te whenua. The permanence of languages, prestige and landrMegan Tamati-QuennelltSovereignity over representation. Indigenous cinema in the Chittagong Hill tracts of Bangladesh rKabita ChakmatStatues, maps, stories and laws. Critical perspectives on land right and usetHiding in plain sight. Decolonising public memoryrDaniel BrowningtYarabinja bujarang. Beautiful sea countryrMegan Cope tIndigenous stories, indigenous to global survivalrAnde SombytIndigenous peoples` land rights in Bangladesh. An overview of the Chittagong Hill tracts rSontosh Bikash Tripura tSovereign world-building, acting within and beyond notions of the curatorial tI can steal hear them calling. Echoes of my ancestors rKimberley Moulton tPeople call me VenkatrVenkat Raman Singh Shyam tEthno-spatiality as Sovereignty. Curating performative encounters with taiwanese indigenous contemporary art rBiung Ismahasan tMAATAU ´O TAUTUANAGA MO O TAATOU LUMANA´I. Considering the service of displays for our futuresrLéuli Maazyaar Luna´i Eshraaghi tIndigenous futures and sovereign romanticism. Belonging to a place in time rHannah Donnelly tBibliographies tBiographies tIndex xarte contemporáneo xarte - indígenaxcuraduría xcrítica e interpretación